000 00443nab a2200145Ia 4500
003 ES-SlBCS
005 20210601124317.0
008 140529s1987 xxu||||| |||| 00| 0 eng d
041 _aeng
100 1 _aStanley, William B.
_9139559
245 0 0 _aChristopher Lasch as Social Educator
_c William B. Stanley
600 1 4 _aLasch, Christopher
_9139554
773 0 _tEducational Theory
_gvol. 37, nº. 3, 1987, págs. 229-250
_wRev1399
942 _cAR
999 _c512731
_d512731